Stores At The Mall - Statistics

General Stats
  • This quiz has been taken 172 times
  • The average score is 14 of 20
Answer Stats
Hint Answer % Correct
Forever __ 21
97%
Barnes & ____ Noble
92%
Bed, Bath, and ____ Beyond
90%
American ____ Eagle
88%
Bath & ____ ____ Body Works
86%
Banana _____ Republic
84%
Abercrombie & ____ Fitch
82%
Old ____ Navy
81%
Sunglass ___ Hut
80%
Aero_____ postale
76%
Jamba _____ Juice
74%
Pac___ Sun
73%
Hot _____ Topic
70%
Urban _______ Outfitters
69%
Cinna___ bon
67%
Cold ____ Stone
55%
Charlotte ____ Russe
47%
Famous ______ Footwear
43%
Star____ bucks
34%
Aries _____ Apparel
5%
No matching quizzes found
Score Distribution
Percent of People with Each Score
Percentile by Number Answered
Your Score History
You have not taken this quiz